Talk of the towns (Record no. 66006)
[ view plain ]
| 000 -LEADER | |
|---|---|
| fixed length control field | 01422cam a2200325 4500 |
| 001 - CONTROL NUMBER | |
| control field | ABS63488 |
| 008 - FIXED-LENGTH DATA ELEMENTS--GENERAL INFORMATION | |
| fixed length control field | 000000n2001 000 0 eng u |
| 035 ## - SYSTEM CONTROL NUMBER | |
| System control number | (Sirsi) u110743 |
| 100 ## - MAIN ENTRY--PERSONAL NAME | |
| Personal name | Sector, G. |
| 245 ## - TITLE STATEMENT | |
| Title | Talk of the towns |
| 260 ## - PUBLICATION, DISTRIBUTION, ETC. | |
| Date of publication, distribution, etc. | 2001 |
| 490 ## - SERIES STATEMENT | |
| Series statement | Property Week |
| Volume/sequential designation | 66(4) 26 January 2001, 92-93(2) |
| 520 ## - SUMMARY, ETC. | |
| Summary, etc. | Outlines the likely impact of the Urban White Paper on the property industry. Points discussed include the commitment to rewrite PPG1 to encourage an urban renaissance; reform of the compulsory purchase system; s106 Agreements; local democracy in the light of the Local Government Act 2000; changes to the tax system; and the strengthened role for the regional development agencies. Observes that the White Paper places greater emphasis on the accountability of local and national government, better co-operation between the industry and government, good design and sustainability. |
| 590 ## - LOCAL NOTE (RLIN) | |
| Local note | ABS |
| 650 ## - SUBJECT ADDED ENTRY--TOPICAL TERM | |
| Topical term or geographic name entry element | COMPULSORY PURCHASE ORDERS |
| 650 ## - SUBJECT ADDED ENTRY--TOPICAL TERM | |
| Topical term or geographic name entry element | LOCAL GOVERNMENT ACT 2000 |
| 650 ## - SUBJECT ADDED ENTRY--TOPICAL TERM | |
| Topical term or geographic name entry element | PLANNING POLICY |
| 650 ## - SUBJECT ADDED ENTRY--TOPICAL TERM | |
| Topical term or geographic name entry element | PLANNING SYSTEM |
| 650 ## - SUBJECT ADDED ENTRY--TOPICAL TERM | |
| Topical term or geographic name entry element | RDAS |
| 650 ## - SUBJECT ADDED ENTRY--TOPICAL TERM | |
| Topical term or geographic name entry element | TOWN AND COUNTRY PLANNING ACT 1990 S106 |
| 650 ## - SUBJECT ADDED ENTRY--TOPICAL TERM | |
| Topical term or geographic name entry element | Sustainability |
| 9 (RLIN) | 6271 |
| 650 ## - SUBJECT ADDED ENTRY--TOPICAL TERM | |
| Topical term or geographic name entry element | URBAN RENAISSANCE |
| 650 ## - SUBJECT ADDED ENTRY--TOPICAL TERM | |
| Topical term or geographic name entry element | URBAN REGENERATION |
| 650 ## - SUBJECT ADDED ENTRY--TOPICAL TERM | |
| Topical term or geographic name entry element | URBAN WHITE PAPER |
| 650 ## - SUBJECT ADDED ENTRY--TOPICAL TERM | |
| Topical term or geographic name entry element | TAX CREDITS |
| 650 ## - SUBJECT ADDED ENTRY--TOPICAL TERM | |
| Topical term or geographic name entry element | TAX INCENTIVES |
| 690 ## - LOCAL SUBJECT ADDED ENTRY--TOPICAL TERM (OCLC, RLIN) | |
| Topical term or geographic name as entry element | REGENERATION |
| 700 ## - ADDED ENTRY--PERSONAL NAME | |
| Personal name | Evans, D. |
| 942 ## - ADDED ENTRY ELEMENTS (KOHA) | |
| Suppress in OPAC | 0 |
| Withdrawn status | Lost status | Source of classification or shelving scheme | Damaged status | Not for loan | Home library | Current library | Shelving location | Date acquired | Total Checkouts | Full call number | Barcode | Date last seen | Copy number | Price effective from | Koha item type |
|---|---|---|---|---|---|---|---|---|---|---|---|---|---|---|---|
| Dewey Decimal Classification | London | London | Journal article | 05/02/2001 | ABS63488 | 110743-1001 | 06/08/2019 | 1 | 06/08/2019 | Journal article |